Slohotvornosť bytového interiéru : Kandidátska dizertačná práca /

Salvato in:
Dettagli Bibliografici
Autore principale: Lichardová, Viera, 1943- (Autore)
Altri autori: Beisetzer, Ladislav (Relatore della tesi)
Natura: Manoscritto Libro
Lingua:slovacco
Pubblicazione: Bratislava : Slovenská vysoká škola technická v Bratislave, Fakulta architektúry, september 1981
Soggetti:
Tags: Aggiungi Tag
Nessun Tag, puoi essere il primo ad aggiungerne!!

MARC

LEADER 00000ntm a22000003a 4500
001 0113126
003 SK-STU
005 20241216115210.7
007 ta
008 241216s2024----xo-----f-mn---000-0-slo-d
040 |a STU  |b slo 
041 0 |a slo 
044 |a xo  |c SK 
100 1 |a Lichardová, Viera,  |d 1943-  |4 aut  |X 4210  |7 A000004210 
245 1 0 |a Slohotvornosť bytového interiéru :  |b Kandidátska dizertačná práca /  |c aut. Viera Lichardová ; škol. Ladislav Beisetzer 
260 |a Bratislava :  |b Slovenská vysoká škola technická v Bratislave, Fakulta architektúry,  |c september 1981 
300 |a 172 s. 
650 0 7 |a funkcionalizmus 
650 0 7 |a obytné priestory 
650 0 7 |a interiér 
650 0 7 |a nábytok 
650 0 7 |a svetlo 
650 0 7 |a farba 
700 1 |a Beisetzer, Ladislav  |4 ths 
996 |b 284AU10142  |c A* 191/V  |l AAKNST  |s P  |a 0  |w 0113126_0001